00481 a2200169 450000100060000002000180000604000220002410000170004624000310006324500260009430000070012036200090012765000350013694200070017195201160017899900170029465695 a9781405869775 cAnchieta - Pituba aHealey, Phil10aStranger than fictionlpor10aStranger than fiction a400 a2008 4aLiteratura juvenil em inglês cBK 00104070a91.1b91.1d2023-11-21l0oLJ 028.573 H434s HEA STRp20456/PITr2023-11-21 18:34:02w2023-11-21yBK c65695d65695